Formel-1 Jeder Fahrer der mit Max Verstappen auf dem Grid fuhr - Statistiken

Allgemein
  • Dieses Quiz wurde 40 mal gespielt
  • Das Durchschnittsergebnis liegt bei 34 aus 55
Antwortstatistiken
Nationalität Fahrer % Korrekt
Monaco Charles Leclerc
97%
Großbritannien Lando Norris
95%
Großbritanien Lewis Hamilton
95%
Australien Oscar Piastri
95%
Spanien Carlos Sainz
92%
Spanien Fernando Alonso
92%
Italien Kimi Antonelli
92%
Kanada Lance Stroll
92%
Deutschland Nico Hülkenberg
92%
Mexiko Sergio Perez
92%
Japan Yuki Tsunoda
92%
Thailand Alex Albon
90%
Frankreich Pierre Gasly
90%
Deutschland Sebastian Vettel
90%
Finnland Valtteri Bottas
90%
Australien Daniel Ricciardo
87%
Argentinien Franco Colapinto
87%
Großbritannien George Russell
87%
Finnland Kimi Räikkönen
87%
Neuseeland Liam Lawson
87%
Frankreich Esteban Ocon
85%
Deutschland Mick Schumacher
85%
Brasilien Gabriel Bortoleto
77%
Dänemark Magnussen
77%
Frankreich Isack Hadjar
74%
Deutschland Nico Rosberg
74%
Großbritannien Oliver Bearman
74%
Russland Nikita Masepin
72%
Polen Robert Kubica
72%
China Zhou Guanyu
67%
Australien Jack Doohan
64%
USA Logan Sargeant
64%
Kanada Nicholas Latifi
62%
Italien Antonio Giovinazzi
54%
Brasilien Felipe Massa
51%
Frankreich Romain Grosjean
51%
Schweden Marcus Ericsson
44%
Niederlande Nyck de Vries
44%
Venezuela Pastor Maldonado
44%
Großbritannien Jenson Button
41%
Belgien Stoffel Vandoorne
41%
Russland Daniil Kwjat
36%
Deutschland Pascal Wehrlein
36%
Neuseeland Brendon Hartley
31%
Brasilien Pietro Fittipaldi
31%
Russland Sergei Sirotkin
26%
Mexiko Esteban Gutiérez
21%
Großbritannien Jack Aitken
21%
Brasilien Felipe Nasr
18%
Indonesien Rio Haryanto
18%
Großbritannien Jolyon Palmer
15%
USA Alexander Rossi
13%
Großbritannien Paul di Resta
10%
Spanien Roberto Merhi
8%
Großbritannien Will Stevens
8%
Keine übereinstimmenden Quizze gefunden
Verteilung der Resultate
Anzahl Personen mit jedem Resultat
Perzentil nach korrekt beantworteten Fragen
Ihre Resultats-Entwicklung
Sie haben dieses Quiz noch nicht gespielt